Ruské bankovnictví v lecčem předčí Západ
Rozhovor s Pavlem Čečetkou, Head of Risk Management v Citibank, Rusko na tému ruské bankovníctvo a jeho fungovanie.
Saved in:
| Main Author: | |
|---|---|
| Other Authors: | |
| Format: | Book Chapter |
| Language: | Czech |
| Subjects: | |
| Tags: |
No Tags, Be the first to tag this record!
|
MARC
| LEADER | 00000naa a2200000 4500 | ||
|---|---|---|---|
| 001 | 0234510 | ||
| 005 | 20221104110601.2 | ||
| 041 | 0 | |a cze | |
| 044 | |a CZ | ||
| 245 | 1 | 0 | |a Ruské bankovnictví v lecčem předčí Západ |c Martina Sobková, Pavel Čečetka |
| 520 | |a Rozhovor s Pavlem Čečetkou, Head of Risk Management v Citibank, Rusko na tému ruské bankovníctvo a jeho fungovanie. | ||
| 610 | 2 | 0 | |a Rusko |
| 610 | 2 | 0 | |a bankovníctvo |
| 610 | 2 | 0 | |a služby bankové |
| 610 | 2 | 0 | |a banky zahraničné |
| 100 | 1 | |a Sobková, Martina | |
| 700 | 1 | |a Čečetka, Pavel | |